| 000 | 00344nam a22001577a 4500 | ||
|---|---|---|---|
| 003 | SGT | ||
| 020 | _a978-93-5270-238-1 | ||
| 082 |
_a616 _bM18A |
||
| 100 | _aALAGAPPAN, R. | ||
| 245 | _aMANUAL OF PRACTICAL MEDICINE | ||
| 250 | _a6TH | ||
| 260 |
_aNEW DELHI _bJAYPEE PUB _c2018 |
||
| 300 | _a1018 | ||
| 650 | _aAYURVEDA | ||
| 942 |
_2ddc _cBK _023 |
||
| 999 |
_c14960 _d14960 |
||